Rome Landmarks on a Map - Statistics

General Stats
  • This quiz has been taken 80 times
  • The average score is 5 of 12
Answers on the Map
Answers color-coded by a green-red scale on the quiz's map according to % correct below.
 
Answer Stats
Landmark % Correct
Colosseum
95%
Pantheon
61%
St. Peter's Basilica
59%
Roman Forum
52%
Trevi Fountain
52%
Sistine Chapel
42%
Piazza Navona
39%
Castel Sant'Angelo
33%
St. Peter's Square
33%
Spanish Steps
31%
Capitoline Hill
19%
Basilica of Santa Maria Maggiore
9%
No matching quizzes found
Score Distribution
Percent of People with Each Score
Percentile by Number Answered
Your Score History
You have not taken this quiz